000 00973nam a22002537a 4500
005 20240307173931.0
010 _aENG139424
020 _a9788184247657
_c750.00
035 _aEN-122956
037 _bDBAD/PUB
245 _aINFORMATION AND KNOWLEDGE DISSEMINATION/
_cBy Chandana Patra...[et.al]
260 _aNew Delhi
_bALLIED PUBLISHERS PVT.LTD
_c2012
270 _aA-104 MAYAPURI PHASE2
_bNew Delhi
_e110064
300 _a482p.
_c24cm(Pb)
500 _aFacts and Concepts from Latest Editions of Park 22nd 2013 Leon Gordis Epidemiology 4th, Harrison 18th, CMDT 2014 & Mahajan Biostatistics 7th
700 _aPatra, Chandana
_eEditor
_962476
700 _aChaudhuri,Bidhan
_eEditor
_962477
700 _aMandal,B.R.
_eEditor
_962478
700 _aPodder,Ashoke Kumar
_eEditor
_962479
700 _aGhosh,Bula
_eEditor
_962480
700 _aLahiri,Subhra
_eEditor
_962481
700 _aDutta,Namita
_eEditor
_962482
942 _2ddc
_cEN
_h655.5
_mInf
999 _c201031
_d201031